000 02088cam a2200421 i 4500
001 768714001
003 CO-MdFUSB
005 20220408130031.0
007 ta
008 970502t1996 vc 000 0 eng d
020 _a0268014795
040 _aIUL
_cCO-MdFUSB
_dLUT
_dUtOrBLW
_bspa
_erda
041 1 _aeng
_hita
082 _223
_a261.55
_bH477
100 1 _aHeller, Michał
_eautor
240 1 0 _aNowa Fizyka i Nowa Teologia.
245 1 4 _aThe new physics and a new theology /
_cMichael Heller ; Traducido por: George V. Coyne , Simonetta Giovannini , Tadeusz M. Sierotowicz.
264 1 _aVatican City :
_bVatican Observatory,
_c[1996]
264 4 _c© 1996
300 _a103 páginas ;
_c23 cm.
336 _atexto
_btxt
_2rdacontent.
337 _asin mediación
_bn
_2rdamedia.
338 _avolumen
_bnc
_2rdacarrier.
490 1 _aVatican Observatory Publications.
500 _aPublicado originalmente en polaco con el título: Nowa Fizyka i Nowa Teologia.
500 _a"En una colaboración única, esta edición en inglés surgió de una traducción del polaco original al italiano por S. Giovannini y T. Sierotowicz y una traducción posterior del italiano por G. Coyne. El autor comparó el texto final en inglés con su original en polaco. publicación."
504 _aIncluye referencias bibliográficas.
505 _aDiferentes puntos de vista sobre teología y ciencia -- Trescientos años de coexistencia: la iglesia y las ciencias naturales -- La nueva física: hacia el futuro -- El conflicto entre ciencia y fe en el período pospositivista -- Arquímedes y la modernidad teología -- La nueva física y una nueva teología -- Evolución cósmica: problemas y dudas -- Creación y evolución.
563 _aRústico
650 7 _aReligión y ciencia
_9259
700 _96359
_aCoyne, George V.
_etraductor
700 _96360
_aGiovannini, Simonetta,
_etraductor
700 _96361
_aSierotowicz, Tadeusz M.,
_etraductor
830 0 _aVatican Observatory publications.
942 _cBK
945 _aJTF-925
999 _c67558
_d67558